<?xml version="1.0" encoding="UTF-8"?><?xml-stylesheet type="text/xsl" href="static/style.xsl"?><OAI-PMH xmlns="http://www.openarchives.org/OAI/2.0/" xmlns:xsi="http://www.w3.org/2001/XMLSchema-instance" xsi:schemaLocation="http://www.openarchives.org/OAI/2.0/ http://www.openarchives.org/OAI/2.0/OAI-PMH.xsd"><responseDate>2026-05-16T02:49:57Z</responseDate><request verb="GetRecord" identifier="oai:riubu.ubu.es:10259/11629" metadataPrefix="marc">https://riubu.ubu.es/oai/request</request><GetRecord><record><header><identifier>oai:riubu.ubu.es:10259/11629</identifier><datestamp>2026-05-15T06:54:27Z</datestamp><setSpec>com_10259_7387</setSpec><setSpec>com_10259_5086</setSpec><setSpec>com_10259_2604</setSpec><setSpec>col_10259_7419</setSpec></header><metadata><record xmlns="http://www.loc.gov/MARC21/slim" xmlns:doc="http://www.lyncode.com/xoai" xmlns:xsi="http://www.w3.org/2001/XMLSchema-instance" xmlns:dcterms="http://purl.org/dc/terms/" xsi:schemaLocation="http://www.loc.gov/MARC21/slim http://www.loc.gov/standards/marcxml/schema/MARC21slim.xsd">
<leader>00925njm 22002777a 4500</leader>
<datafield tag="042" ind1=" " ind2=" ">
<subfield code="a">dc</subfield>
</datafield>
<datafield tag="720" ind1=" " ind2=" ">
<subfield code="a">Blanco Mazagatos, Virginia</subfield>
<subfield code="e">author</subfield>
</datafield>
<datafield tag="720" ind1=" " ind2=" ">
<subfield code="a">Temprano-García, Víctor</subfield>
<subfield code="e">author</subfield>
</datafield>
<datafield tag="720" ind1=" " ind2=" ">
<subfield code="a">Pérez-Fernández, Héctor</subfield>
<subfield code="e">author</subfield>
</datafield>
<datafield tag="720" ind1=" " ind2=" ">
<subfield code="a">Delgado García, Juan Bautista</subfield>
<subfield code="e">author</subfield>
</datafield>
<datafield tag="260" ind1=" " ind2=" ">
<subfield code="c">2026-04</subfield>
</datafield>
<datafield tag="520" ind1=" " ind2=" ">
<subfield code="a">Family business research remains inconclusive about how family influence affects the financial performance of family firms. Drawing on agency theory and the resource-based view, most studies examine family involvement in ownership and management, which reflects the family’s ability to make decisions. Other studies emphasize the family’s willingness to pursue specific objectives, particularly those related to socioemotional wealth. However, particularistic behavior in family firms cannot be explained solely by ability or willingness. Building on this reasoning, we propose that both ability and willingness are necessary but individually insufficient conditions for explaining family firm performance. We further argue that their joint presence constitutes a sufficient condition. Using a sample of 141 family firms, our results identify seven configurations combining measures of ability and willingness that are associated with high financial performance, thereby supporting our arguments.</subfield>
</datafield>
<datafield tag="024" ind2=" " ind1="8">
<subfield code="a">1863-6683</subfield>
</datafield>
<datafield tag="024" ind2=" " ind1="8">
<subfield code="a">https://hdl.handle.net/10259/11629</subfield>
</datafield>
<datafield tag="024" ind2=" " ind1="8">
<subfield code="a">10.1007/s11846-026-01025-w</subfield>
</datafield>
<datafield tag="024" ind2=" " ind1="8">
<subfield code="a">1863-6691</subfield>
</datafield>
<datafield ind1=" " ind2=" " tag="653">
<subfield code="a">Family firm</subfield>
</datafield>
<datafield ind1=" " ind2=" " tag="653">
<subfield code="a">Ability</subfield>
</datafield>
<datafield ind1=" " ind2=" " tag="653">
<subfield code="a">Family involvement</subfield>
</datafield>
<datafield ind1=" " ind2=" " tag="653">
<subfield code="a">SEW</subfield>
</datafield>
<datafield ind1=" " ind2=" " tag="653">
<subfield code="a">Performance</subfield>
</datafield>
<datafield ind1=" " ind2=" " tag="653">
<subfield code="a">fsQCA</subfield>
</datafield>
<datafield tag="245" ind1="0" ind2="0">
<subfield code="a">Ability and willingness as jointly sufficient conditions for the family effect on family firm economic performance: a configurational approach</subfield>
</datafield>
</record></metadata></record></GetRecord></OAI-PMH>